Easter Facts Quiz Stats

Quiz Updated Apr 16, 2017

Also try: The Easter Quiz
Challenge
Share
Tweet
Embed
Score 0/13 Timer 03:00
1 Play Today
Hint Answer % Correct
Conventionally, the 40-day period before Easter is referred to as...Lent
96.1%
This cotton-tailed creature is an animal closely associated with EasterEaster Bunny
91.8%
Two days before Easter is referred to as...Good Friday
84.7%
This Jewish holiday often coincides with EasterPassover
76.3%
In 2018 Easter falls on this date...no this is not a trick!April 1st
71.5%
Sugar and marshmallow chicks that are popular around the Easter holidayPeeps
71.2%
The Sunday before Easter is commonly called thisPalm Sunday
64.6%
Three days before Easter is referred to as...Maundy Thursday
59.9%
The rising of Christ into heaven is commemorated on the 40th day after Easter and called thisAscension
35.8%
In 1885 Tsar Alexander III gave his wife a jeweled Easter egg made by this design firmFabergé
32%
This capital city was the center for the Easter Rising (also known as the Easter Rebellion) against British rule in 1916Dublin, Ireland
31.1%
This feast commemorating the descent of the Holy Spirit upon the disciples of Christ occurs seven weeks after Easter SundayPentecost
30.1%
Since Easter is not a fixed holiday on the calendar, it is known as this kind of feastMoveable
16.6%

You're not logged in!

Compare scores with friends on all Sporcle quizzes.
Sign Up with Email
OR
Log In

You Might Also Like...

Show Comments

Extras

Top Quizzes Today


Score Distribution

Your Account Isn't Verified!

In order to create a playlist on Sporcle, you need to verify the email address you used during registration. Go to your Sporcle Settings to finish the process.